000 00577nam a22002177a 4500
003 OSt
005 20220107122749.0
008 140528b xxu||||| |||| 00| 0 eng d
020 _a9788184897562
040 _cIIITM-K
082 _a006.60151 VIN/M
100 _aVince, John
_95578
245 _aMathematics for computer graphics
_cby John Vince
260 _aNew Delhi,
_bSpringer,
_c2011.
300 _axv, 293p.
650 _aMATHEMATICS
_95579
650 _aCOMPUTER SCIENCE
_95580
650 _aMULTIMEDIA
_95581
650 _aCOMPUTER GRAPHICS
_95582
942 _2ddc
_cBK
999 _c4297
_d4297